000 00525nam a2200193Ia 4500
003 OSt
005 20230527121838.0
008 210423s1978 xx 000 0 und d
040 _cAL
082 _a306.2
_223
_b DIEC
100 _aDIETRICH (Gabride)
_9115431
245 _aCulture relgion and development
260 _aBangalore
_bCentr for social action
_c1978
365 _cINR
650 _aPolitical Sociology
_9115432
650 _aSociology
_9115433
906 _aCulture ; development ; relgion
942 _2ddc
_cBK
999 _c174403
_d174403